Normal view MARC view
  • Great Britain

Entry Corporate Name

Number of records used in: 3

001 - CONTROL NUMBER

  • control field: 6038

003 - CONTROL NUMBER IDENTIFIER

  • control field: OSt

005 - DATE AND TIME OF LATEST TRANSACTION

  • control field: 20190806150249.0

008 - FIXED-LENGTH DATA ELEMENTS

  • fixed length control field: 120416n| acannaabn |n ana d

040 ## - CATALOGING SOURCE

  • Original cataloging agency: OSt
  • Transcribing agency: OSt

110 2# - HEADING--CORPORATE NAME

  • Corporate name or jurisdiction name as entry element: Great Britain
  • Subordinate unit: Commissioners of His Majesty's Woods, Forests and Land Revenues

670 ## - SOURCE DATA FOUND

  • Source citation: An account of all the manors, messuages, lands, tenements, and hereditaments, in the different counties of England and Wales, held by lease from the Crown. As contained in the report of the Commissioners appointed to enquire, into the state and condition of the royal forests, woods, and land revenues; ... To which is added, an appendix, ..., 1787